| 000 | 00430nam a2200181Ia 4500 | ||
|---|---|---|---|
| 001 | 4396 | ||
| 005 | 20260306145753.0 | ||
| 008 | 260306t2010||||xx |||||||||||||| ||spa|| | ||
| 041 | _aESP | ||
| 082 |
_a321.01 _bS26 |
||
| 100 |
_aSartori, Giovanni _eAUT |
||
| 245 | 0 |
_aLa Política: _blógica y método en las ciencias sociales |
|
| 260 | _c2010 | ||
| 300 |
_a _c |
||
| 650 | _aGEN | ||
| 654 | _aCDE | ||
| 942 |
_cLIB _dJUS _fJUS _2ddc _n |
||
| 999 |
_c4396 _d4396 |
||